00825nam a2200229 a 4500001000200000003000400002005001700006008003900023040002600062082003200088100003300120245006400153260004200217300002000259590002600279650004400305651004900349910001500398942001200413952015300425999001700578 Ost20220715134318.0081126s1989 dr 000 0 spa d aDO-SdBNPbspacBPMSU  a305.5097293bB742c 19892221 a Bosch, Juan, d1909-20019110aClases sociales en la República Dominicana /cJuan Bosch. aSanto Domingo :bAlfa y Omega, c1989 a99 p. ;c20 cm. aInventariado, 2022/VM 4aClases socialesxRepública Dominicana 4aRepública DominicanaxCondiciones sociales aVMateo V.  2ddccBK 00102ddc40708CDaBPMETbBPMETd2022-01-13eFundacón Juan Bosch l0oBPMSU CD 305.5097293 B742c 1989pBPMSU22010021r2022-01-13w2022-01-13yBK c13942d13942